Định giá chuyển giao và thủ thuật chuyển giá của các công ty đa quốc gia ở Việt Nam

Đã lưu trong:
Sonraí Bibleagrafaíochta
Príomhúdar: Nguyễn, Ngọc Thanh
Formáid: Leabhar
Teanga:Undetermined
Foilsithe: Hà Nội Tài Chính [2003]
Ábhair:
Clibeanna: Cuir Clib Leis
Gan Chlibeanna, Bí ar an gcéad duine leis an taifead seo a chlibeáil!
Thư viện lưu trữ: Trung tâm Học liệu Trường Đại học Cần Thơ
LEADER 00638nam a2200193Ia 4500
001 CTU_91036
008 210402s9999 xx 000 0 und d
020 |c 20000 
082 |a 338.52 
082 |b Th107 
100 |a Nguyễn, Ngọc Thanh 
245 0 |a Định giá chuyển giao và thủ thuật chuyển giá của các công ty đa quốc gia ở Việt Nam 
245 0 |c Nguyễn Ngọc Thanh, Nguyễn Hoàng Dũng 
260 |a Hà Nội 
260 |b Tài Chính 
260 |c [2003] 
650 |a Transfer pricing 
904 |i Năm 
980 |a Trung tâm Học liệu Trường Đại học Cần Thơ